[Event "Bayern-ch Seniors 14th"]
[Site "Schloss Schney"]
[Date "2002.06.08"]
[Round "9"]
[White "Claus, Joachim"]
[Black "Guenther, Dieter"]
[Result "1/2-1/2"]
[WhiteElo "1796"]
[BlackElo "1680"]
[PlyCount "97"]
[EventDate "2002.05.31"]
[EventType "swiss"]
[EventRounds "9"]
[EventCountry "GER"]
[SourceTitle "EXT 2003"]
[Source "ChessBase"]
[SourceDate "2002.11.25"]
[SourceVersion "1"]
[SourceVersionDate "2002.11.25"]
[SourceQuality "1"]

1. e4 c5 2. d4 cxd4 3. c3 dxc3 4. Nxc3 e6 5. Nf3 d6 6. Bc4 Be7 7. 0-0 Nc6 8. Qe2 a6 9. Rd1 Bd7 10. Bf4 e5 11. Be3 Nf6 12. Rac1 0-0 13. h3 b5 14. Bd5 Rc8 15. a3 h6 16. Ba2 Be6 17. Nd5 Bxd5 18. exd5 Na5 19. b4 Nc4 20. Bxc4 Rxc4 21. Rxc4 bxc4 22. Qxc4 Qa8 23. Nh4 Rc8 24. Qd3 Qxd5 25. Qxd5 Nxd5 26. Nf5 Nxe3 27. Nxe7+ Kf8 28. Nxc8 Nxd1 29. Nxd6 Ke7 30. Ne4 Kd7 31. Nc5+ Kc6 32. Nxa6 Nc3 33. Nc5 Kb5 34. Nb7 Ka4 35. Nd6 f6 36. g4 Kxa3 37. b5 Nd5 38. Ne8 Kb4 39. Nxg7 Kxb5 40. Nf5 Nf4 41. Kh2 h5 42. Kg3 hxg4 43. Kxg4 Kc5 44. h4 Kd5 45. Ng7 Kd6 46. Nf5+ Ke6 47. Ng3 Nd3 48. Kf3 f5 49. Ne2 1/2-1/2

[Event "Bayern-ch Seniors 14th"]
[Site "Schloss Schney"]
[Date "2002.06.07"]
[Round "8"]
[White "Guenther, Dieter"]
[Black "Fels, Karl Heinz"]
[Result "1/2-1/2"]
[WhiteElo "1680"]
[BlackElo "1869"]
[PlyCount "52"]
[EventDate "2002.05.31"]
[EventType "swiss"]
[EventRounds "9"]
[EventCountry "GER"]
[SourceTitle "EXT 2003"]
[Source "ChessBase"]
[SourceDate "2002.11.25"]
[SourceVersion "1"]
[SourceVersionDate "2002.11.25"]
[SourceQuality "1"]

1. c4 Nf6 2. Nc3 e6 3. g3 c6 4. Bg2 Bb4 5. Nf3 0-0 6. 0-0 d5 7. cxd5 cxd5 8. a3 Bxc3 9. dxc3 Nc6 10. Bg5 h6 11. Bxf6 Qxf6 12. e3 b5 13. Nd4 Nxd4 14. cxd4 Bb7 15. Rc1 Rac8 16. Qe2 a6 17. Rc5 Rxc5 18. dxc5 Rc8 19. Rc1 Bc6 20. Qd2 Qd8 21. b4 f5 22. Qd4 Qe7 23. Qe5 Rd8 24. Rd1 Kf7 25. Bf3 g6 26. g4 Qd7 1/2-1/2